000 00309nam a2200109Ia 4500
008 200302s9999 xx 000 0 und d
100 _aKatrin Cargill
245 _aTraditional aneedle Arts Cross stitch More than 30 Classic Projects
260 _bMitchell Beazley Published
260 _c1994
300 _a128 P.,
999 _c1473
_d1473